000 00289nam a22001217a 4500
003 SGT
082 _a004.6,COM
100 _aCOMER E. DOUGLAS
245 _aCOMPUTER NETWORKS AND INTERNET WITH INTERNET APPLICATIONS
250 _a4TH
260 _aNEW DELHI
_bPEARSON
_c2011
942 _2ddc
_cCD
999 _c10770
_d10770